A qui appartient cette robe disney ? - Statistiques

Statistiques générales
  • Ce quiz a été pris 726 fois
  • Le résultat moyen est 10 sur 12
Statistiques - réponses
Par images Réponse % Correct
blanche neige
99%
cendrillon
97%
belle
95%
mulan
94%
aurore
91%
raiponce
91%
pocahontas
89%
vaiana
85%
jasmine
81%
tiana
67%
merida
59%
ariel
58%
Aucun quiz correspondant
Distribution des résultats
% des personnes avec chaque résultat
Percentile par nombre de réponses
Votre historique - résultats
Vous n’avez pas pris ce quiz